[Event "IND-chT 32nd"]
[Site "Panaji"]
[Date "2012.03.04"]
[Round "9"]
[White "Mohamed Ibrahim, U."]
[Black "Laxman, Rajaram"]
[Result "0-1"]
[WhiteElo "1900"]
[BlackElo "2434"]
[PlyCount "56"]
[EventDate "2012.02.27"]
[EventType "team-swiss"]
[EventRounds "9"]
[EventCountry "IND"]
[SourceTitle "CBM 147 Extra"]
[Source "ChessBase"]
[SourceDate "2012.04.24"]
[SourceVersion "1"]
[SourceVersionDate "2012.04.24"]
[SourceQuality "1"]
[WhiteTeam "Tamil Nadu State"]
[BlackTeam "Railway Sports"]
[WhiteTeamCountry "IND"]
[BlackTeamCountry "IND"]

1. e4 e5 2. Nf3 Nc6 3. d4 exd4 4. Bc4 Nf6 5. 0-0 Nxe4 6. Re1 d5 7. Bxd5 Qxd5 8. Nc3 Qa5 9. Nxe4 Be6 10. Bg5 h6 11. Bh4 Bb4 12. Re2 g5 13. c3 Be7 14. Bg3 dxc3 15. bxc3 0-0 16. Qc2 Bf5 17. Qb3 Qb6 18. Qc2 Qa6 19. Rae1 Rad8 20. Bxc7 Rc8 21. Nf6+ Bxf6 22. Qxf5 Bxc3 23. Nxg5 hxg5 24. Qxg5+ Bg7 25. Bg3 Rcd8 26. h4 Qa5 27. Qg4 Rd4 28. Qf3 Qd5 0-1